| 000 | 00449nam a22001817a 4500 | ||
|---|---|---|---|
| 005 | 20250808120526.0 | ||
| 008 | 250808b |||||||| |||| 00| 0 eng d | ||
| 020 |
_a9780099476917 _qpbk |
||
| 041 | _aeng | ||
| 082 | _a823.914 HOL | ||
| 100 | _aHollinghurst Alan | ||
| 245 |
_aThe Folding Star _c/ Alan Hollinghurst |
||
| 250 | _a1st ed | ||
| 260 |
_aLondon _bVintage Books |
||
| 300 |
_a422p. : _c22cm |
||
| 650 | _aFiction | ||
| 942 | _cENGLISH | ||
| 999 |
_c579330 _d579330 |
||